Países con mayor crecimiento de PIB per cápita en el siglo XXI - Estadísticas

Estadísticas generales
  • Esta prueba ha sido intentada 26 veces
  • La puntuación promedio es 9 de 20
Estadísticas de respuestas
2000 2025 Crecimiento País % Correcto
959$ 13303$ +1287% China
95%
443$ 2800$ +532% India
80%
1771$ 14800$ +735% Rusia
80%
870$ 5074$ +483% Indonesia
70%
418$ 2593$ +520% Bangladesh
60%
390$ 4320$ +1007% Vietnam
55%
4500$ 22000$ +388% Polonia
50%
655$ 7620$ +1063% Azerbaiyán
45%
300$ 2628$ +776% Camboya
45%
700$ 8000$ +1042% Georgia
45%
1229$ 13000$ +957% Kazajistán
45%
470$ 7320$ +1457% Mongolia
45%
1670$ 18500$ +900% Rumanía
45%
621$ 8556$ +1277% Armenia
40%
633$ 11390$ +1699% Turkmenistán
35%
124$ 1272$ +925% Etiopía
30%
354$ 7617$ +1000% Moldavia
30%
1127$ 11377$ +909% Albania
20%
258$ 2400$ +800% Ghana
20%
2017$ 70000$ +3300% Guyana
10%
No se encontraron pruebas coincidentes
Distribución de puntuación
Porcentaje de gente con cada puntuación
Porcentaje por número respondido
Historial de tus puntuaciones
No has intentado esta prueba.